| 000 | 01024nam a2200313 i 4500 | ||
|---|---|---|---|
| 003 | EG-GICUC | ||
| 005 | 20260427082720.0 | ||
| 008 | 260427s1921 ua adolfr|||| 001 0 eng d | ||
| 040 |
_aEG-GiCUC _beng _cEG-GiCUC _dEG-GiCUC _erda |
||
| 041 | 0 | _aeng | |
| 082 | 0 | 4 |
_221 _a343.33 _bGL . T |
| 092 | 0 | 4 | _221 |
| 099 | _aLaw1 10 343.33 GL . T 1 ed - 1921 | ||
| 100 | 1 |
_a Glaister, John, _eAuthor. |
|
| 245 | 1 | 0 |
_aA text-book of medical jurisprudence and toxicology / _c by John Glaister. |
| 250 | _aFourth edition. | ||
| 264 |
_a Edinburgh : _b E. & S. Livingstone, _c1921. |
||
| 300 |
_a902 pages : _billustrations,graphs ,photographs _c24 cm |
||
| 336 |
_2rda content _atext |
||
| 337 |
_2rda media _aComputer |
||
| 338 |
_2rda carrier _aOnline Resource |
||
| 504 | _aIncludes bibliographical references and index. | ||
| 546 | _aText in English | ||
| 650 | 1 | 4 |
_aCriminal law. _2qrmak |
| 651 | 1 | _2qrmak | |
| 856 | 4 | 0 | _uhttps://fll.law.cu.edu.eg/fulltext/bks/B10-11393.pdf |
| 905 | _a171 | ||
| 942 |
_2ddc _cBK _e21 _n0 |
||
| 999 |
_c73540 _d73540 |
||